Southville International School and Colleges
Your cart is empty.
  • Cart
  • Lists
    Public lists Eva Luna New books Lux_list list_1
    Your lists Log in to create your own lists
  • Log in to your account
  • Your cookies
  • Search history
Southville International School and Colleges
  • Advanced search
  • Recent comments
  • Most popular
  • Libraries

Log in to your account

Log in with GOOGLE


If you do not have an external account, but do have a local account, you can still log in:

  1. Home
  2. MARC view: The third twin :
Normal view MARC view ISBD view

The third twin : (Record no. 60)

[ view plain ]
MARC details
000 -LEADER
fixed length control field 01585cam a2200349 a 4500
001 - CONTROL NUMBER
control field 3053529
003 - CONTROL NUMBER IDENTIFIER
control field OSt
005 - DATE AND TIME OF LATEST TRANSACTION
control field 20140310181619.0
008 - FIXED-LENGTH DATA ELEMENTS--GENERAL INFORMATION
fixed length control field 960718s1996 nyu 000 1 eng
010 ## - LIBRARY OF CONGRESS CONTROL NUMBER
LC control number 96032957
020 ## - INTERNATIONAL STANDARD BOOK NUMBER
International Standard Book Number 0517702967
040 ## - CATALOGING SOURCE
Original cataloging agency DLC
Transcribing agency DLC
Modifying agency DLC
-- OCoLC
-- DLC
050 00 - LIBRARY OF CONGRESS CALL NUMBER
Classification number PR 6056
Item number .F667 1996
082 00 - DEWEY DECIMAL CLASSIFICATION NUMBER
Classification number FIC
Item number F72t 1996
100 1# - MAIN ENTRY--PERSONAL NAME
Personal name Follett, Ken.
9 (RLIN) 17302
245 14 - TITLE STATEMENT
Title The third twin :
Remainder of title a novel /
Statement of responsibility, etc Ken Follett.
250 ## - EDITION STATEMENT
Edition statement 1st ed.
260 ## - PUBLICATION, DISTRIBUTION, ETC. (IMPRINT)
Place of publication, distribution, etc New York :
Name of publisher, distributor, etc Crown Publishers,
Date of publication, distribution, etc c1996.
300 ## - PHYSICAL DESCRIPTION
Extent 422 p. ;
Dimensions 25 cm.
520 ## - SUMMARY, ETC.
Summary, etc Using a restricted FBI database, genetic researcher Jeannie Ferrami has located identical twins born to different mothers. Frightened by her bizarre discovery, she is determined to discover the truth at any cost -- until she fines herself at the center of a scandal that could ruin her career.
650 #0 - SUBJECT ADDED ENTRY--TOPICAL TERM
Topical term or geographic name as entry element Genetics
General subdivision Research
-- Fiction.
9 (RLIN) 17330
650 #0 - SUBJECT ADDED ENTRY--TOPICAL TERM
Topical term or geographic name as entry element Women scientists
General subdivision Fiction.
9 (RLIN) 17331
650 #0 - SUBJECT ADDED ENTRY--TOPICAL TERM
Topical term or geographic name as entry element Conspiracies
General subdivision Fiction.
9 (RLIN) 17332
655 #7 - INDEX TERM--GENRE/FORM
Genre/form data or focus term Adventure stories.
Source of term gsafd
9 (RLIN) 2927
856 42 - ELECTRONIC LOCATION AND ACCESS
Materials specified Contributor biographical information
Uniform Resource Identifier <a href="http://www.loc.gov/catdir/bios/random057/96032957.html">http://www.loc.gov/catdir/bios/random057/96032957.html</a>
856 41 - ELECTRONIC LOCATION AND ACCESS
Materials specified Sample text
Uniform Resource Identifier <a href="http://www.loc.gov/catdir/samples/random043/96032957.html">http://www.loc.gov/catdir/samples/random043/96032957.html</a>
856 42 - ELECTRONIC LOCATION AND ACCESS
Materials specified Publisher description
Uniform Resource Identifier <a href="http://www.loc.gov/catdir/description/random049/96032957.html">http://www.loc.gov/catdir/description/random049/96032957.html</a>
906 ## - LOCAL DATA ELEMENT F, LDF (RLIN)
a 7
b cbc
c orignew
d 1
e ocip
f 19
g y-gencatlg
942 ## - ADDED ENTRY ELEMENTS (KOHA)
Source of classification or shelving scheme Library of Congress Classification
Koha item type
Call number prefix
Holdings
Withdrawn status Lost status Source of classification or shelving scheme Damaged status Home library Current library Shelving location Date acquired Total Checkouts Full call number Barcode Date last seen Copy number Price effective from Koha item type
    Library of Congress Classification   Luxembourg Library Luxembourg Library Fiction Section 12/28/2011   PR 6056 .F667 1996 5274 08/13/2013 1 10/03/2013 Books

The third twin :

APA

Follett K., . (1996). The third twin. New York: Crown Publishers.

Chicago

Follett Ken, . 1996. The third twin. New York: Crown Publishers.

Harvard

Follett K., . (1996). The third twin. New York: Crown Publishers.

MLA

Follett Ken, . The third twin. New York: Crown Publishers. 1996.

  • Place hold
  • Print
  • Cite
  • Add to your cart (remove)
  • Save record
    BIBTEX Dublin Core MARCXML MARC (non-Unicode/MARC-8) MARC (Unicode/UTF-8) MARC (Unicode/UTF-8, Standard) MODS (XML) RIS
  • More searches
    Search for this title in:
    Other Libraries (WorldCat) Other Databases (Google Scholar) Online Stores (Bookfinder.com) Open Library (openlibrary.org)

Exporting to Dublin Core...

SOUTHVILLE LIBRARY

Southville International School and Colleges Library

1281 Tropical Ave. Cor. Luxembourg St., BF Homes International, Las Pinas City

Tel. No. 8256374 / 252358 Loc. 117/146

Powered by Koha